| 000 | 00406nam a2200169Ia 4500 | ||
|---|---|---|---|
| 001 | 26066 | ||
| 008 | 140414s9999 xx 000 0 und d | ||
| 020 | _a0-7225-4047-7 | ||
| 040 | _cPK-LaUMT | ||
| 082 |
_a 153 _bBUZ-P |
||
| 100 | _aTony Buzen | ||
| 245 | 4 |
_aThe power of creative intelligence _cTony Buzen |
|
| 260 |
_aNew York,USA: _bThomson, _c2001 |
||
| 300 | _a151 p. | ||
| 546 | _aEN | ||
| 942 | _cBK | ||
| 999 |
_c26229 _d26229 |
||